000 00689nam a2200241 i 4500
003 DO-SdBNP
005 20230914125951.0
007 ta
008 110413s2001 dr 000 0 spa d
040 _aDO-SdBNP
_bspa
_cBNPHU
_erda
082 _bA627
_222
245 1 0 _aAnteproyecto de reforma constitucional
250 _a2da edición
264 _aSanto Domingo :
_bUNPHU,
_c2001.
300 _a173 páginas
_c21 cm.
336 _2rdacontent
_atexto
_btxt
337 _2rdamedia
_asin mediación
_bn
338 _2rdacarrier
_avolumen
_bnc
590 _aInventariado, 2023/ DG
650 4 _aReformas Constitucionales
_zRepública Dominicana
_98313
910 _aDG
942 _2ddc
_cLBS1
999 _c54754
_d54754